[Event "Miguel Najdorf Memorial 2010"]
[Site "Warsaw POL"]
[Date "2010.07.20"]
[Round "4.10"]
[White "Matuszewski, Michal"]
[Black "Vysochin, Spartak"]
[Result "1-0"]
[WhiteElo "2317"]
[BlackElo "2562"]
[PlyCount "91"]
[EventDate "2010.07.17"]
[EventType "swiss"]
[EventRounds "9"]
[EventCountry "POL"]
[Source "lmi"]
[SourceDate "2010.07.17"]

1. d4 d5 2. c4 c6 3. Nf3 Nf6 4. e3 Bf5 5. Nc3 e6 6. Nh4 Be4 7. f3 Bg6 8. Nxg6
hxg6 9. Bd2 Bd6 10. Qb3 Bg3+ 11. Kd1 Qc7 12. Bd3 Bd6 13. Rc1 dxc4 14. Qxc4 a6
15. e4 Nbd7 16. Kc2 b5 17. Qb3 e5 18. Kb1 exd4 19. Ne2 c5 20. Nxd4 Qb6 21. f4
c4 22. Qc3 Bc5 23. Nb3 cxb3 24. e5 bxa2+ 25. Ka1 Nd5 26. Qb3 Nc7 27. f5 gxf5
28. Bxf5 Ne6 29. Ba5 Qc6 30. Rhd1 Nxe5 31. Bxe6 fxe6 32. Rxc5 Qxc5 33. Qxe6+
Qe7 34. Qd5 Ra7 35. Re1 Rh5 36. g4 Rg5 37. h4 Rd7 38. Qa8+ Kf7 39. Rf1+ Ke6 40.
Qg8+ Nf7 41. hxg5 Qxg5 42. Re1+ Kd6 43. Qf8+ Kd5 44. Qa8+ Kd4 45. Qe4+ Kc5 46.
b4+ 1-0

[Event "Miguel Najdorf Memorial 2010"]
[Site "Warsaw POL"]
[Date "2010.07.21"]
[Round "5.20"]
[White "Przedmojski, Rafal"]
[Black "Banasik, Krzysztof"]
[Result "1-0"]
[WhiteElo "2390"]
[BlackElo "2250"]
[PlyCount "75"]
[EventDate "2010.07.17"]
[EventType "swiss"]
[EventRounds "9"]
[EventCountry "POL"]
[Source "lmi"]
[SourceDate "2010.07.17"]

1. d4 e6 2. g3 Nf6 3. c4 a6 4. Bg2 d5 5. Qc2 Be7 6. Nf3 O-O 7. O-O b6 8. Rd1
Bb7 9. cxd5 exd5 10. Bf4 Bd6 11. Bxd6 Qxd6 12. Ne5 Nbd7 13. Nxd7 Qxd7 14. Nd2
Rac8 15. Rac1 Rfe8 16. e3 h6 17. b4 Re7 18. Nf3 Qd6 19. a3 Ne8 20. Rd3 b5 21.
Rc3 Qb6 22. Ne5 Qe6 23. Nc6 Rd7 24. Rc5 Rd6 25. a4 Bxc6 26. Rxc6 Rb8 27. Rc5
Qd7 28. Ra1 c6 29. axb5 axb5 30. Ra6 Rc8 31. Rb6 Rc7 32. Rb8 f5 33. h4 h5 34.
Bxd5+ Rxd5 35. Rxe8+ Kf7 36. Re5 Rxe5 37. Rxe5 g6 38. Rc5 1-0

[Event "Miguel Najdorf Memorial 2010 Torneo B"]
[Site "Warszawa POL"]
[Date "2010.07.17"]
[Round "1.1"]
[White "Wolochowicz, Piotr"]
[Black "Kaminski, Stefan"]
[Result "1-0"]
[WhiteElo "1977"]
[BlackElo "1575"]
[PlyCount "55"]
[EventDate "2010.07.17"]
[EventType "swiss"]
[EventRounds "9"]
[EventCountry "POL"]
[Source "lmi"]
[SourceDate "2010.07.17"]

1. f4 e6 2. Nf3 b6 3. e4 Bb7 4. d3 d5 5. exd5 Qxd5 6. Nc3 Bb4 7. Bd2 Bxc3 8.
Bxc3 Nf6 9. Be2 Nbd7 10. Qd2 h6 11. b3 Qf5 12. Nh4 Qc5 13. Bb4 Qb5 14. a4 Qa6
15. d4 b5 16. Bxb5 Qb6 17. Bc5 Ne4 18. Qb4 Nexc5 19. dxc5 a5 20. Qd4 Qa7 21.
Qxd7+ Kf8 22. Qxc7 Rc8 23. Qd6+ Kg8 24. O-O-O Kh7 25. Bd3+ g6 26. Bxg6+ Kg7 27.
Qe5+ f6 28. Rd7+ 1-0

[Event "Miguel Najdorf Memorial 2010 Torneo B"]
[Site "Warszawa POL"]
[Date "2010.07.17"]
[Round "1.2"]
[White "Parol, Krzysztof"]
[Black "Jarmula, Pawel"]
[Result "0-1"]
[WhiteElo "1548"]
[BlackElo "1971"]
[PlyCount "56"]
[EventDate "2010.07.17"]
[EventType "swiss"]
[EventRounds "9"]
[EventCountry "POL"]
[Source "lmi"]
[SourceDate "2010.07.17"]

1. e4 c6 2. d4 d5 3. e5 Bf5 4. Bd3 Bxd3 5. Qxd3 e6 6. Ne2 Qb6 7. Qb3 Qxb3 8.
axb3 c5 9. Be3 Nc6 10. f4 cxd4 11. Bxd4 Nxd4 12. Nxd4 Bc5 13. Nb5 Rc8 14. Kd2
a6 15. N5a3 Ne7 16. c3 h5 17. c4 dxc4 18. bxc4 Nf5 19. Nc2 Ke7 20. b4 Rhd8+ 21.
Ke2 Bd4 22. Nxd4 Nxd4+ 23. Kf2 Rxc4 24. g3 Rc2+ 25. Ke3 Nf5+ 26. Ke4 Rd4+ 27.
Kf3 Rd3+ 28. Ke4 Re3# 0-1

[Event "Miguel Najdorf Memorial 2010 Torneo B"]
[Site "Warszawa POL"]
[Date "2010.07.17"]
[Round "1.3"]
[White "Skwarczylo, Marek"]
[Black "Kalhorn, Marcin"]
[Result "1-0"]
[WhiteElo "1964"]
[BlackElo "1540"]
[PlyCount "63"]
[EventDate "2010.07.17"]
[EventType "swiss"]
[EventRounds "9"]
[EventCountry "POL"]
[Source "lmi"]
[SourceDate "2010.07.17"]

1. d4 f5 2. e4 fxe4 3. f3 d5 4. fxe4 dxe4 5. Bc4 Nf6 6. Ne2 Bf5 7. c3 Qd7 8.
Qb3 c6 9. Bf7+ Kd8 10. Nf4 h6 11. Ne6+ Bxe6 12. Bxe6 Qc7 13. O-O Qb6 14. Qd1
Na6 15. Na3 g5 16. Nc4 Qc7 17. Ne5 Ke8 18. Bf7+ Kd8 19. Ng6 Bg7 20. Nxh8 Bxh8
21. Bg6 Bg7 22. Qe2 Qb6 23. Kh1 Nc7 24. Bxe4 Nxe4 25. Qxe4 Ne8 26. b3 Qc7 27.
Ba3 a5 28. Rae1 Nd6 29. Qe6 Bf6 30. Bxd6 Qxd6 31. Qxd6+ exd6 32. Rxf6 1-0

[Event "Miguel Najdorf Memorial 2010 Torneo B"]
[Site "Warszawa POL"]
[Date "2010.07.17"]
[Round "1.4"]
[White "Szymankiewicz, Jan"]
[Black "Dobrowolski, Marcin"]
[Result "0-1"]
[WhiteElo "1528"]
[BlackElo "1964"]
[PlyCount "162"]
[EventDate "2010.07.17"]
[EventType "swiss"]
[EventRounds "9"]
[EventCountry "POL"]
[Source "lmi"]
[SourceDate "2010.07.17"]

1. Nf3 Nf6 2. c4 g6 3. Nc3 Bg7 4. g3 O-O 5. Bg2 d6 6. O-O e5 7. e4 Nc6 8. d3 h6
9. Be3 Ng4 10. Nd5 Ne7 11. h3 Nxd5 12. cxd5 Nxe3 13. fxe3 c6 14. Qb3 a5 15.
Rac1 a4 16. Qc4 c5 17. b4 axb3 18. axb3 b5 19. Qc2 Qb6 20. Qd2 Bd7 21. Kh2 Ra3
22. Rb1 Rfa8 23. Qf2 Ra2 24. Nd2 Be8 25. Qe1 Rc2 26. Rc1 Rca2 27. Rf2 Qa5 28.
Rd1 Qc3 29. Qf1 Rc2 30. h4 Raa2 31. Qe2 Bd7 32. Bh3 Bxh3 33. Kxh3 h5 34. g4
hxg4+ 35. Kxg4 Qa5 36. h5 Qc7 37. hxg6 fxg6 38. Qf3 Ra8 39. Kg5 Rf8 40. Qg2
Qe7+ 41. Kg4 Rxf2 42. Qxf2 Bh6 43. Kh3 Qg5 44. Re1 Ra2 45. Kh2 Ra7 46. Rg1 Qh5+
47. Kg2 Rf7 48. Nf3 Qg4+ 49. Qg3 Qxg3+ 50. Kxg3 Bxe3 51. Ra1 Kg7 52. Kg4 Kf6
53. Ra6 Rd7 54. Nh4 Bd2 55. Ra8 Kg7 56. Re8 Rf7 57. Re6 Rf6 58. Re7+ Rf7 59.
Re6 Rf4+ 60. Kh3 Rf6 61. Re7+ Kh6 62. Re6 Rxe6 63. dxe6 Bg5 64. Kg4 Be7 65. Nf3
Kg7 66. Ng5 Kf6 67. Nf3 Kxe6 68. Nd2 d5 69. Kf3 Bg5 70. exd5+ Kxd5 71. Ne4 Bf4
72. Ke2 Kd4 73. Nd6 Kc3 74. Nxb5+ Kxb3 75. Nd6 g5 76. Ne4 Kb4 77. Kf3 c4 78.
dxc4 Kxc4 79. Kg4 Kd4 80. Kf5 g4 81. Ng5 Bxg5 0-1

[Event "Miguel Najdorf Memorial 2010 Torneo B"]
[Site "Warszawa POL"]
[Date "2010.07.17"]
[Round "1.5"]
[White "Grabara, Krzysztof"]
[Black "Stezycka, Paulina"]
[Result "1-0"]
[WhiteElo "1961"]
[BlackElo "1527"]
[PlyCount "51"]
[EventDate "2010.07.17"]
[EventType "swiss"]
[EventRounds "9"]
[EventCountry "POL"]
[Source "lmi"]
[SourceDate "2010.07.17"]

1. e4 e5 2. d4 exd4 3. Nf3 Nc6 4. Nxd4 Nge7 5. Bc4 Nxd4 6. Qxd4 d6 7. Nc3 Nc6
8. Bb5 Bd7 9. Bxc6 Bxc6 10. Bf4 Qh4 11. Bg3 Qg5 12. O-O Be7 13. Rfe1 Bf6 14.
Qd3 O-O 15. b4 a6 16. f4 Qg6 17. Rad1 Rad8 18. Qc4 Bxc3 19. Qxc3 Bxe4 20. Qxc7
Bxc2 21. f5 Qxf5 22. Rxd6 Rxd6 23. Bxd6 Qc8 24. Qe7 Rd8 25. Rc1 Qd7 26. Qxd7
1-0

[Event "Miguel Najdorf Memorial 2010 Torneo B"]
[Site "Warszawa POL"]
[Date "2010.07.17"]
[Round "1.6"]
[White "Trocha, Adam"]
[Black "Kaniak, Justyna"]
[Result "0-1"]
[WhiteElo "1515"]
[BlackElo "1958"]
[PlyCount "86"]
[EventDate "2010.07.17"]
[EventType "swiss"]
[EventRounds "9"]
[EventCountry "POL"]
[Source "lmi"]
[SourceDate "2010.07.17"]

1. c4 e5 2. Nc3 Nf6 3. g3 Nc6 4. Bg2 Bc5 5. a3 a5 6. d3 h6 7. Nf3 d6 8. O-O Be6
9. e3 e4 10. Ne1 exd3 11. Qb3 Ne5 12. Nd5 a4 13. Qc3 c6 14. Nxf6+ Qxf6 15. f4
Nxc4 16. Qxf6 gxf6 17. f5 d2 18. Bxd2 Nxd2 19. fxe6 Nxf1 20. exf7+ Kxf7 21.
Kxf1 Bxe3 22. Nc2 Bc5 23. Rd1 Rhe8 24. Bf3 Re7 25. Ne1 d5 26. Kg2 Ra5 27. Nd3
Rb5 28. Rd2 Ke6 29. g4 Kd6 30. Be2 Rb6 31. Rc2 Bd4 32. Kf3 c5 33. Kf4 c4 34.
Nb4 Be5+ 35. Kf5 Kc5 36. h4 Rbe6 37. Kg6 f5+ 38. Kh5 f4 39. g5 hxg5 40. hxg5
Kd4 41. Rc3 Bg7 42. Bf3 Kc5 43. Rc2 Re3 0-1

[Event "Miguel Najdorf Memorial 2010 Torneo B"]
[Site "Warszawa POL"]
[Date "2010.07.17"]
[Round "1.7"]
[White "Pawlowski, Michal"]
[Black "Rozycki, Dariusz"]
[Result "1-0"]
[WhiteElo "1954"]
[BlackElo "1505"]
[PlyCount "33"]
[EventDate "2010.07.17"]
[EventType "swiss"]
[EventRounds "9"]
[EventCountry "POL"]
[Source "lmi"]
[SourceDate "2010.07.17"]

1. e4 e5 2. Nf3 Nc6 3. Bb5 a6 4. Ba4 Nf6 5. O-O Be7 6. Bxc6 dxc6 7. d3 Qd6 8.
Nbd2 Bg4 9. Nc4 Qe6 10. Ncxe5 Bxf3 11. Nxf3 O-O-O 12. Ng5 Qg4 13. Qxg4+ Nxg4
14. Nxf7 Rhf8 15. Nxd8 Rxd8 16. h3 Nxf2 17. Be3 1-0

[Event "Miguel Najdorf Memorial 2010 Torneo B"]
[Site "Warszawa POL"]
[Date "2010.07.17"]
[Round "1.8"]
[White "Tomczyk, Ryszard"]
[Black "Pietrzak, Wojciech"]
[Result "0-1"]
[WhiteElo "1501"]
[BlackElo "1949"]
[PlyCount "66"]
[EventDate "2010.07.17"]
[EventType "swiss"]
[EventRounds "9"]
[EventCountry "POL"]
[Source "lmi"]
[SourceDate "2010.07.17"]

1. e4 e5 2. Nf3 Nc6 3. Bb5 a6 4. Bxc6 dxc6 5. h3 Bd6 6. b3 Nf6 7. d3 Qe7 8. Bb2
Bd7 9. Qd2 O-O-O 10. a3 h6 11. Nc3 Nh5 12. g3 Rhf8 13. O-O-O Bxa3 14. Nb1 Bxb2+
15. Kxb2 c5 16. Nc3 Bc6 17. Qe2 g6 18. Nb1 Ng7 19. Nbd2 f6 20. Nh4 Be8 21. Nxg6
Bxg6 22. Qg4+ Bf5 23. exf5 Qd7 24. Ne4 b6 25. Qg6 Nxf5 26. g4 Nd4 27. Nxf6 Qc6
28. Ne4 Qxg6 29. Rdf1 Rf3 30. Nd2 Rxd3 31. cxd3 Qxd3 32. Rd1 Qc2+ 33. Ka3 Nb5+
0-1

[Event "Miguel Najdorf Memorial 2010 Torneo B"]
[Site "Warszawa POL"]
[Date "2010.07.17"]
[Round "1.9"]
[White "Wolski, Jaroslaw"]
[Black "Dwilewicz, Katarzyna"]
[Result "1-0"]
[WhiteElo "1946"]
[BlackElo "1460"]
[PlyCount "119"]
[EventDate "2010.07.17"]
[EventType "swiss"]
[EventRounds "9"]
[EventCountry "POL"]
[Source "lmi"]
[SourceDate "2010.07.17"]

1. d4 d5 2. Nf3 Nf6 3. c4 c6 4. Nc3 dxc4 5. a4 Bf5 6. e3 e6 7. Bxc4 Bd6 8. Qe2
Bg6 9. O-O O-O 10. e4 Bb4 11. Bd3 Qd7 12. Rd1 Rd8 13. Bg5 Be7 14. Rac1 h6 15.
Bf4 Qe8 16. Bb1 Nh5 17. Be3 Nd7 18. Ba2 Nhf6 19. Bb1 Rac8 20. e5 Nd5 21. Bxg6
fxg6 22. Nxd5 cxd5 23. Qd3 Nb6 24. b3 Bb4 25. Bd2 Bxd2 26. Nxd2 Qf7 27. Qb5
Rxc1 28. Rxc1 Qf4 29. Qd3 Rf8 30. Qe3 Qxe3 31. fxe3 Rc8 32. Rxc8+ Nxc8 33. e4
Ne7 34. Kf2 Kf7 35. Ke3 dxe4 36. Kxe4 Nd5 37. Nc4 b6 38. Ne3 Nc3+ 39. Kd3 Nd5
40. Nxd5 exd5 41. a5 bxa5 42. Kc3 h5 43. Kb2 a4 44. b4 g5 45. Ka3 g4 46. Kxa4
h4 47. Kb5 g3 48. hxg3 hxg3 49. Ka6 g5 50. Kxa7 Ke7 51. b5 Kd7 52. b6 g4 53. b7
Ke6 54. b8=Q Kf5 55. e6 Kxe6 56. Qe5+ Kf7 57. Kb7 Kg6 58. Qf4 Kh5 59. Kc6 Kh4
60. Qh6# 1-0

[Event "Miguel Najdorf Memorial 2010 Torneo B"]
[Site "Warszawa POL"]
[Date "2010.07.17"]
[Round "1.10"]
[White "Kazmierczak, Ewa"]
[Black "Szwaj, Jacek"]
[Result "0-1"]
[WhiteElo "1443"]
[BlackElo "1944"]
[PlyCount "50"]
[EventDate "2010.07.17"]
[EventType "swiss"]
[EventRounds "9"]
[EventCountry "POL"]
[Source "lmi"]
[SourceDate "2010.07.17"]

1. e4 c5 2. Nc3 d6 3. g3 Nf6 4. Bg2 Nc6 5. Nge2 Nd4 6. h3 e5 7. d3 Be7 8. O-O
Bd7 9. Bg5 O-O 10. Bxf6 Bxf6 11. Nd5 Nxe2+ 12. Qxe2 Bc6 13. Nxf6+ Qxf6 14. c3
Qg6 15. Rad1 a6 16. Qe3 f5 17. exf5 Qxf5 18. Bxc6 bxc6 19. Kg2 Rae8 20. Qe4 Qd7
21. Qc4+ d5 22. Qxc5 Rf6 23. Rde1 Rh6 24. Rh1 Qf5 25. Qxc6 Rxc6 0-1

[Event "Miguel Najdorf Memorial 2010 Torneo B"]
[Site "Warszawa POL"]
[Date "2010.07.17"]
[Round "1.11"]
[White "Mietek, Lukasz"]
[Black "Zalewski, Arkadiusz"]
[Result "1-0"]
[WhiteElo "1939"]
[BlackElo "1426"]
[PlyCount "35"]
[EventDate "2010.07.17"]
[EventType "swiss"]
[EventRounds "9"]
[EventCountry "POL"]
[Source "lmi"]
[SourceDate "2010.07.17"]

1. Nf3 Nf6 2. c4 d6 3. d4 g6 4. Nc3 Bg7 5. e4 Bg4 6. Be2 O-O 7. Qb3 Qc8 8. Bg5
Re8 9. h3 Bxf3 10. Bxf3 Nc6 11. Rd1 e5 12. dxe5 Nxe5 13. Be2 b6 14. O-O h6 15.
Bh4 g5 16. Bg3 Nh5 17. Bxh5 g4 18. Bxe5 1-0

[Event "Miguel Najdorf Memorial 2010 Torneo B"]
[Site "Warszawa POL"]
[Date "2010.07.17"]
[Round "1.12"]
[White "Rosiak, Tomasz"]
[Black "Hagner, Pawel"]
[Result "0-1"]
[WhiteElo "1423"]
[BlackElo "1901"]
[PlyCount "86"]
[EventDate "2010.07.17"]
[EventType "swiss"]
[EventRounds "9"]
[EventCountry "POL"]
[Source "lmi"]
[SourceDate "2010.07.17"]

1. Nf3 g6 2. d4 Bg7 3. Bf4 Nf6 4. e3 O-O 5. Bd3 d6 6. O-O Nbd7 7. Nbd2 c5 8. c3
a6 9. a4 Nh5 10. Bg3 Nxg3 11. hxg3 Nf6 12. e4 Bg4 13. Qb3 Qc7 14. a5 Rac8 15.
Nh2 Bd7 16. d5 Bh6 17. f4 Nh5 18. Kf2 e5 19. Nc4 exf4 20. g4 Nf6 21. Nb6 Rce8
22. Nxd7 Qxd7 23. Kf3 Rc8 24. c4 Rfe8 25. Qc3 Bg7 26. Qd2 g5 27. Rae1 Qe7 28.
g3 fxg3 29. Kxg3 Qe5+ 30. Kg2 h6 31. Rf5 Qe7 32. Kg3 Qd8 33. Nf3 Nd7 34. b4
cxb4 35. Qxb4 Qc7 36. Rc1 Nc5 37. Qb1 Qxa5 38. Rf1 Re7 39. Nxg5 hxg5 40. Rxg5
Qc3 41. Rf3 Nxd3 42. Rxd3 Qxc4 43. Re3 Qd4 0-1

[Event "Miguel Najdorf Memorial 2010 Torneo B"]
[Site "Warszawa POL"]
[Date "2010.07.17"]
[Round "1.13"]
[White "Eggink, Ryszard"]
[Black "Sacharewicz, Krzysztof"]
[Result "1-0"]
[WhiteElo "1896"]
[BlackElo "1419"]
[PlyCount "55"]
[EventDate "2010.07.17"]
[EventType "swiss"]
[EventRounds "9"]
[EventCountry "POL"]
[Source "lmi"]
[SourceDate "2010.07.17"]

1. e4 Nf6 2. e5 Ng8 3. Bc4 f6 4. Nf3 e6 5. d4 d5 6. exd6 cxd6 7. O-O d5 8. Bd3
Nc6 9. c4 Bb4 10. Nc3 Nge7 11. a3 Bxc3 12. bxc3 O-O 13. Qc2 g6 14. cxd5 Nxd5
15. c4 Nb6 16. Bb2 Qe8 17. Rfe1 Qf7 18. Rad1 Bd7 19. Nd2 Rae8 20. Ne4 Qe7 21.
d5 Nb4 22. axb4 Ba4 23. Qc3 Nxd5 24. cxd5 Rc8 25. Nxf6+ Kh8 26. Ng8+ Kxg8 27.
Qh8+ Kf7 28. Qxh7+ 1-0

[Event "Miguel Najdorf Memorial 2010 Torneo B"]
[Site "Warszawa POL"]
[Date "2010.07.17"]
[Round "1.14"]
[White "Kucharski, Jacek"]
[Black "Debowska, Teresa"]
[Result "0-1"]
[WhiteElo "1389"]
[BlackElo "1895"]
[PlyCount "116"]
[EventDate "2010.07.17"]
[EventType "swiss"]
[EventRounds "9"]
[EventCountry "POL"]
[Source "lmi"]
[SourceDate "2010.07.17"]

1. d4 c5 2. Nf3 cxd4 3. Nxd4 e5 4. Nb3 d5 5. e3 Nc6 6. Bb5 a6 7. Bxc6+ bxc6 8.
Nc3 Nf6 9. h3 Be7 10. Bd2 a5 11. Nc1 a4 12. a3 O-O 13. N1e2 Qb6 14. b3 axb3 15.
cxb3 Rxa3 16. Rxa3 Bxa3 17. O-O Be6 18. Qc2 d4 19. exd4 exd4 20. Na4 Qxb3 21.
Nxd4 Qxc2 22. Nxc2 Be7 23. Nd4 Bd5 24. Rc1 Ne4 25. Be3 Ba3 26. Rb1 f5 27. f3
Nd6 28. Nc3 f4 29. Nxd5 cxd5 30. Bf2 Re8 31. Rd1 Nc4 32. Nb5 Rd8 33. Nc3 Ne3
34. Bxe3 fxe3 35. Rxd5 Rc8 36. Ne2 Rc2 37. Kf1 Ra2 38. Rd1 Bb4 39. Rb1 Ba5 40.
Rd1 Kf7 41. Rb1 Kf6 42. Rd1 g5 43. Rc1 h5 44. Rc6+ Ke5 45. Rc5+ Kd6 46. Rc1 h4
47. Rb1 Kc5 48. Rc1+ Kb4 49. Re1 Rc2 50. Nd4 Rf2+ 51. Kg1 Kc4 52. Rxe3 Ra2 53.
Re4 Bb6 54. Kf1 Bxd4 55. f4 Kd3 56. Re6 Rf2+ 57. Ke1 Rxf4 58. Rg6 Bc3+ 0-1

[Event "Miguel Najdorf Memorial 2010 Torneo B"]
[Site "Warszawa POL"]
[Date "2010.07.17"]
[Round "1.15"]
[White "Prazmowski, Bartosz"]
[Black "Kaminski, Lukasz"]
[Result "1-0"]
[WhiteElo "1893"]
[BlackElo "1343"]
[PlyCount "89"]
[EventDate "2010.07.17"]
[EventType "swiss"]
[EventRounds "9"]
[EventCountry "POL"]
[Source "lmi"]
[SourceDate "2010.07.17"]

1. d4 c5 2. d5 Nf6 3. c4 g6 4. Nc3 Bg7 5. e4 O-O 6. Be2 d6 7. Nf3 Bg4 8. O-O
Nbd7 9. Bf4 Nh5 10. Bd2 Nhf6 11. Rb1 a6 12. a3 e6 13. dxe6 fxe6 14. Be3 Nb6 15.
e5 dxe5 16. Bxc5 Qc7 17. Bxf8 Rxf8 18. c5 Qxc5 19. Na4 Nxa4 20. Qxa4 e4 21.
Rbc1 Qh5 22. Nd4 Bxe2 23. Nxe2 Qxe2 24. Qb3 Ng4 25. Rce1 Qxb2 26. Qxe6+ Kh8 27.
Qxg4 Qxa3 28. Qxe4 b5 29. Re3 Qb2 30. Re2 Qa3 31. Re3 Qb2 32. Rh3 Kg8 33. Qe6+
Kh8 34. Qxg6 h6 35. Qxa6 b4 36. Qc4 Kh7 37. Rb3 Qd2 38. Qxb4 Qg5 39. Rg3 Qe5
40. Re3 Qg5 41. Qe4+ Kh8 42. Qc6 Kh7 43. Qe6 Rd8 44. Rg3 Qc5 45. Qg6+ 1-0

[Event "Miguel Najdorf Memorial 2010 Torneo B"]
[Site "Warszawa POL"]
[Date "2010.07.17"]
[Round "2.1"]
[White "Parol, Pawel"]
[Black "Wolochowicz, Piotr"]
[Result "1-0"]
[WhiteElo "1764"]
[BlackElo "1977"]
[PlyCount "67"]
[EventDate "2010.07.17"]
[EventType "swiss"]
[EventRounds "9"]
[EventCountry "POL"]
[Source "lmi"]
[SourceDate "2010.07.17"]

1. e4 e5 2. Nf3 Nf6 3. Nxe5 Nxe4 4. Qe2 Qe7 5. Qxe4 d6 6. d4 dxe5 7. dxe5 Nc6
8. Bb5 Bd7 9. Nc3 O-O-O 10. Bf4 Qb4 11. O-O-O Bc5 12. Bc4 Be6 13. Bxe6+ fxe6
14. Qxb4 Bxb4 15. Ne4 Rdf8 16. Bg3 Rf5 17. f4 h5 18. h4 Be7 19. Rhf1 Rhf8 20.
Rf3 g6 21. c3 b6 22. Rdf1 R5f7 23. Be1 Kb7 24. Nd2 a5 25. g3 Bd8 26. R3f2 Ne7
27. Ne4 Nf5 28. Re2 Nh6 29. Bf2 Ng4 30. Rd1 Be7 31. Red2 Kc8 32. Bg1 Rd8 33.
Rxd8+ Bxd8 34. Bxb6 1-0

[Event "Miguel Najdorf Memorial 2010 Torneo B"]
[Site "Warszawa POL"]
[Date "2010.07.17"]
[Round "2.2"]
[White "Jarmula, Pawel"]
[Black "Kaminski, Jan"]
[Result "1-0"]
[WhiteElo "1971"]
[BlackElo "1753"]
[PlyCount "63"]
[EventDate "2010.07.17"]
[EventType "swiss"]
[EventRounds "9"]
[EventCountry "POL"]
[Source "lmi"]
[SourceDate "2010.07.17"]

1. e4 d5 2. exd5 Nf6 3. d4 Bf5 4. Bb5+ c6 5. dxc6 bxc6 6. Be2 e6 7. Nf3 Bd6 8.
O-O Nbd7 9. c4 O-O 10. Nc3 Qc7 11. h3 Rad8 12. Nh4 Be4 13. Nxe4 Nxe4 14. Qc2
Nef6 15. Nf3 c5 16. Be3 Rfe8 17. Rfd1 cxd4 18. Nxd4 a6 19. Rac1 e5 20. Nb3 e4
21. c5 Bf8 22. Bxa6 Ra8 23. Bc4 Rxa2 24. Nd4 Raa8 25. b4 Ne5 26. Bf4 Qb7 27.
Bxe5 Rxe5 28. Qc3 Rae8 29. c6 Qxb4 30. Qxb4 Bxb4 31. c7 Rc5 32. Ba6 1-0

[Event "Miguel Najdorf Memorial 2010 Torneo B"]
[Site "Warszawa POL"]
[Date "2010.07.17"]
[Round "2.3"]
[White "Rozycki, Bartlomiej"]
[Black "Skwarczylo, Marek"]
[Result "0-1"]
[WhiteElo "1748"]
[BlackElo "1964"]
[PlyCount "46"]
[EventDate "2010.07.17"]
[EventType "swiss"]
[EventRounds "9"]
[EventCountry "POL"]
[Source "lmi"]
[SourceDate "2010.07.17"]

1. e4 c5 2. Nf3 Nc6 3. d4 cxd4 4. c3 d3 5. c4 g6 6. Bxd3 Bg7 7. O-O Nf6 8. Nc3
O-O 9. a3 d6 10. Qc2 Bg4 11. Be2 Rc8 12. Qa4 Qa5 13. Qb5 Qc7 14. Nd5 Nxd5 15.
cxd5 Bxf3 16. Bxf3 Nd4 17. Qa4 b5 18. Qd1 Nxf3+ 19. Qxf3 Qc2 20. Rd1 Rc4 21.
Rd2 Rxe4 22. g3 Re1+ 23. Kg2 Qc4 0-1

[Event "Miguel Najdorf Memorial 2010 Torneo B"]
[Site "Warszawa POL"]
[Date "2010.07.17"]
[Round "2.4"]
[White "Dobrowolski, Marcin"]
[Black "Wilczynski, Adam"]
[Result "1-0"]
[WhiteElo "1964"]
[BlackElo "1747"]
[PlyCount "73"]
[EventDate "2010.07.17"]
[EventType "swiss"]
[EventRounds "9"]
[EventCountry "POL"]
[Source "lmi"]
[SourceDate "2010.07.17"]

1. d4 Nf6 2. c4 e6 3. Nf3 b6 4. a3 Bb7 5. e3 Be7 6. Nc3 d5 7. cxd5 Nxd5 8. Bd3
O-O 9. O-O c5 10. Qc2 h6 11. dxc5 Nxc3 12. Qxc3 Bxf3 13. gxf3 Nd7 14. c6 Nc5
15. Rd1 Qc7 16. Rb1 Rad8 17. Be2 Rxd1+ 18. Bxd1 Bf6 19. Qc2 e5 20. b4 Ne6 21.
Be2 Qd6 22. Bb2 Rc8 23. Rc1 Nd8 24. b5 Ne6 25. a4 Nc5 26. Ba3 Be7 27. Bxc5 Qxc5
28. Qxc5 Bxc5 29. Rd1 Rc7 30. Rd5 Re7 31. Bd3 g6 32. Rxc5 bxc5 33. a5 Rc7 34.
Be4 c4 35. b6 axb6 36. axb6 Rc8 37. b7 1-0

[Event "Miguel Najdorf Memorial 2010 Torneo B"]
[Site "Warszawa POL"]
[Date "2010.07.17"]
[Round "2.5"]
[White "Woloszyn, Piotr"]
[Black "Grabara, Krzysztof"]
[Result "0-1"]
[WhiteElo "1744"]
[BlackElo "1961"]
[PlyCount "66"]
[EventDate "2010.07.17"]
[EventType "swiss"]
[EventRounds "9"]
[EventCountry "POL"]
[Source "lmi"]
[SourceDate "2010.07.17"]

1. g3 e5 2. c4 d5 3. Bg2 Nf6 4. cxd5 Nxd5 5. d3 Be7 6. Nf3 Nc6 7. Nc3 Be6 8.
O-O O-O 9. Bd2 h6 10. Qc1 Rc8 11. Ne4 f5 12. Nc5 Bxc5 13. Qxc5 Qd6 14. Rfc1
Rfd8 15. a3 e4 16. Ne1 Qxc5 17. Rxc5 Nd4 18. dxe4 Nb3 19. exd5 Nxc5 20. Be3 Nb3
21. Rd1 c5 22. d6 Rd7 23. h4 Rcd8 24. Bd5 Bxd5 25. Rxd5 Rxd6 26. Rxf5 Rd1 27.
Kf1 Nd2+ 28. Bxd2 R8xd2 29. f4 Rxb2 30. Kf2 c4 31. Nf3 c3 32. h5 c2 33. Ne5
c1=Q 0-1

[Event "Miguel Najdorf Memorial 2010 Torneo B"]
[Site "Warszawa POL"]
[Date "2010.07.17"]
[Round "2.6"]
[White "Kaniak, Justyna"]
[Black "Worobiej, Daniel"]
[Result "0-1"]
[WhiteElo "1958"]
[BlackElo "1736"]
[PlyCount "84"]
[EventDate "2010.07.17"]
[EventType "swiss"]
[EventRounds "9"]
[EventCountry "POL"]
[Source "lmi"]
[SourceDate "2010.07.17"]

1. e4 c6 2. d4 d5 3. e5 Bf5 4. h4 h6 5. g4 Bh7 6. e6 fxe6 7. Bd3 e5 8. Bxh7
Rxh7 9. dxe5 Qc7 10. Bf4 e6 11. Qd3 Rh8 12. Nf3 Qf7 13. Bg3 Nd7 14. Nbd2 O-O-O
15. a3 Bc5 16. O-O Ne7 17. b4 Bb6 18. c4 Ng6 19. c5 Bc7 20. Qd4 Rdf8 21. a4 Nf4
22. Rfe1 g5 23. h5 Qe7 24. Kf1 a5 25. Rec1 axb4 26. a5 Nb8 27. Ne1 Na6 28. Nb3
Qg7 29. Nd3 Nxd3 30. Qxd3 Bxe5 31. Bxe5 Qxe5 32. Nd4 Kd7 33. Kg2 Rf4 34. Nf3
Qe4 35. Qxe4 Rxe4 36. Kg3 Rf8 37. Nd2 Re2 38. Nf3 e5 39. Re1 Rxe1 40. Rxe1 e4
41. Ne5+ Ke6 42. Ng6 Rf3+ 0-1

[Event "Miguel Najdorf Memorial 2010 Torneo B"]
[Site "Warszawa POL"]
[Date "2010.07.17"]
[Round "2.7"]
[White "Suliborski, Artur"]
[Black "Pawlowski, Michal"]
[Result "1/2-1/2"]
[WhiteElo "1728"]
[BlackElo "1954"]
[PlyCount "43"]
[EventDate "2010.07.17"]
[EventType "swiss"]
[EventRounds "9"]
[EventCountry "POL"]
[Source "lmi"]
[SourceDate "2010.07.17"]

1. e4 e5 2. f4 exf4 3. Nf3 d5 4. Nc3 dxe4 5. Nxe4 Bf5 6. Nc3 c6 7. d4 Bd6 8.
Bc4 Nf6 9. O-O O-O 10. Nh4 Bg4 11. Qd3 Qc7 12. Nf5 f3 13. Nxd6 Qxd6 14. Ne4
Nxe4 15. Qxe4 Qg6 16. Qxg6 hxg6 17. gxf3 Bf5 18. c3 Nd7 19. Bf4 Nb6 20. Bb3 Nd5
21. Bxd5 cxd5 22. Rfe1 1/2-1/2